01785nam a2200409 a 450000100060000000300080000600500170001400600190003100700150005000800410006502400100010603500230011603500240013903500250016303500210018804000260020905000220023508000080025708200120026510000380027724501410031526000490045630000110050550001020051652002170061853301640083565000670099965000590106665000240112565000230114965500270117270000350119970000430123471000190127785600620129699900170135850694FlNmELB20241216232239.0m o d | cr cn|||||||||201201r2012 cu |||||s|||||||||||spa d8 zTesis a(MiAaPQ)EBC3200736 a(Au-PeEL)EBL3200736 a(CaPaEBR)ebr10584020 a(OCoLC)929369965 aFlNmELBbspacFlNmELB 4aLA173bA4731 2012 a37804a3782221 aÁlvarez López, María Elena.13aLa formulación de actos de habla en idioma inglés en la carrera de medicinah[recurso electronico]cMaría Elena Álvarez López. aLa Habana :bEditorial Universitaria,c2012. a174 p. aTesis (doctorado) - Instituto Superior Pedagógico ""Frank País García""de Santiago de Cuba. aLa investigación parte del problema científico referido a las insuficiencias en la formulación de actos de habla en idioma inglés que dificultan la pertinencia comunicativa de los estudiantes de Medicina. aRecurso electrónico. Santa Fe, Arg.: e-libro, 2015. Disponible vía World Wide Web. El acceso puede estar limitado para las bibliotecas afiliadas a e-libro. 4aEstudio de lenguas extranjeras.xInglés como segundo idioma. 4aForeign language study.xEnglish as a second language. 4aMedicina.xGeneral. 4aMedical.xGeneral. 4aLibros electrónicos.1 aRodriguez Mestre, Arelys.4drt1 aRamos Banteurt, Alejandro Arturo.4drt2 ae-libro, Corp.40uhttps://elibro.net/ereader/politecnicointernacional/90368 c50694d50694